000 01429nam0a22003731 4500
001 v19\rc\1649767
005 20260406151722.0
035 _a(NLR Aleph) 004839491
090 _a4806695
_c4806695
100 _a20061002d1888 |||y0rusy50 ca
101 0 _arus
102 _aRU
105 _ay z |||||
200 1 _aПереславль-Залесский Никитский монастырь
_eМатериалы для его истории XVII и XVIII ст.
210 _aМосква
_cтип. М.Г. Волчанинова
_d1888
215 _a180 с.
_d30
300 _aВ конце текста авт.: Н.А.Н.; раскрыт по изд.: Масанов. Словарь псевдонимов. М., 1957. Т. 2. С. 210
700 1 _aНайденов
_bН.А.
_f1834-1905
_gНиколай Александрович
712 0 2 _aПереславльский Никитский мужской монастырь
_3RU\NLR\AUTH\889927228
_9350115
790 0 _aН.А.Н.
_f1834-1905
801 0 _aRU
_bNLR
_gpsbo
801 0 _aRU
_bRuMoRGB
_2psbo
801 1 _aRU
_bProSoft-M
_2rusmarc
852 _aNLR
_j18.316.1.20
899 _aRuMoRGB
_jU 259/75
899 _aRuMoRGB
_jU 257/75
899 _aRuMoRGB
_jT 30/118
899 _aRuMoRGB
_j801-86/14684-4
899 _aНБ СПбГУ
899 _aГПИБ
899 _aНБ МГУ
942 _cBOOK
980 _aNB
980 _aGENEAL01